| 000 | 00736nam a2200205 i 4500 | ||
|---|---|---|---|
| 001 | 65120 | ||
| 003 | ES-MaACL | ||
| 007 | t| | ||
| 008 | 040108s1984 sp ||||1| spa d | ||
| 100 | 1 |
_aFraile Mora, Jesús. _952112 |
|
| 245 | 1 | 0 |
_aProblemas de electrotecnia / _cpor Jesús Fraile Mora. |
| 250 | _a[4ª ed.]. | ||
| 260 |
_a[Madrid : _bEscuela Técnica Superior de Ingenieros de Telecomunicación, _c1984] |
||
| 300 |
_a2 v. : _bil. ; _c29 cm. |
||
| 505 | 8 | _aContiene: T.I: Campos eléctricos .-- T.II: Máquinas eléctricas | |
| 710 | 2 |
_aEscuela Técnica Superior de Ingenieros de Telecomunicación (Madrid) _93611 |
|
| 740 | 0 | _aCampos eléctricos. | |
| 740 | 0 | _aMáquinas eléctricas. | |
| 852 |
_aES-MaACL _jL-7248-9 _bR.108115 |
||
| 999 |
_c65120 _d65120 |
||